00536nam a2200193 a 4500001001300000003000900013005001700022008004100039020002300080082001500103100001800118245004300136260005100179300000900230500003500239505003100274650001900305700001800324nice12345678IN_TiNIC20260116014051.0050524s1999 sala grp 000 0 eng  a0874801 c69000a956.1bWOO aWoods, John E aAqquyunlu, Clan, Confederation, Empire aSalt Lake CitybUniversity of Utah Pressc1999 a300p aincludes index and biblioraphy2 aBibliography, Index, Notes aTurkey-History1 aWoods, John E